Personnalité politique française par image n°1 - Statistiques

Statistiques générales
  • Ce quiz a été pris 202 fois
  • Le résultat moyen est 8 sur 15
Statistiques - réponses
Par images Réponse % Correct
Roselyne Bachelot
86%
Florian Philippot
72%
Laurent Wauquiez
72%
Jack Lang
71%
Laurent Fabius
70%
Philippe De Villiers
67%
Jean-Pierre Raffarin
64%
Edouard Balladur
63%
Jean-Marc Ayrault
59%
Edith Cresson
55%
Stéphane Le Foll
51%
Rama Yade
45%
René Coty
37%
Sadi Carnot
27%
Guy Mollet
3%
Aucun quiz correspondant
Distribution des résultats
% des personnes avec chaque résultat
Percentile par nombre de réponses
Votre historique - résultats
Vous n’avez pas pris ce quiz